003280000a2200085000450024501160000004100130011670000170012910000210014677300750016710aEarly stage of rhizome development in Pharus virescens (Poaceae: Bambusoideae) located in La Macarena, Colombia0 aInglés1 aIzawa, Kosei1 aKobayashi, Mikio1 tField Studies of Fauna and Flora La Macarena, Colombiaq35-41d1992g7